| 000 | 00494nmm a2200145Ia 4500 | ||
|---|---|---|---|
| 008 | 251105s9999||||xx |||||||||||||||||und|| | ||
| 041 | _aspa | ||
| 100 | _aLópez Peña, Nancy | ||
| 245 | 0 | _aHistoria de las misericordias de Dios en un alma: autobiografía Santa Laura Montoya | |
| 264 |
_a[Bogotá, Colombia] : _bEditorial Pontificia Universidad Javeriana, _c2017 |
||
| 300 | _a904 páginas | ||
| 650 | _aBiography | ||
| 856 | _uhttps://public.digitaliapublishing.com/a/56173 | ||
| 942 | _cCF | ||
| 999 |
_c106540 _d106540 |
||